Statistics for Top 10 Formula One Drivers Starting With 'N'

Click here to take the quiz!

General Stats

  • This quiz has been taken 42 times
  • The average score is 5 of 10

Answer Stats

Lp.NationalityCareerDriver% Correct
3British2019-Lando Norris
95%
1Italian1986-1990Alessandro Nannini
79%
6Brazilian2015-2016Felipe Nasr
74%
7Japanese2007-2009Kazuki Nakajima
63%
5Japanese1987-1991Satoru Nakajima
63%
2Swedish1976-1977Gunnar Nilsson
55%
8Japanese1997-1998Shinji Nakano
24%
4American1951-1954Mike Nazaruk
13%
9Belgian1976-1978Patrick Neve
13%
10British1957-1961Brian Naylor
11%

Score Distribution

Percentile by Number Answered

Percent of People with Each Score

Your Score History

You have not taken this quiz